Dopisz finisher do zawodnika WWE - Statystyki

Ogólne statystyki
  • Ten quiz został rozwiązany 303 razy
  • Średni wynik to 12 z 20
Statystyki odpowiedzi
Zawodnik Finisher % Poprawnych
Rey Mysterio 619
96%
Roman Reigns Spear
96%
Brock Lesnar F5
93%
Triple H Pedigree
83%
Stone Cold Stunner
81%
The Rock Rock Bottom
79%
CM Punk Go to sleep
78%
Shawn Michaels Sweet Chin Music
72%
Drew McIntyre Claymore
70%
Bray Wyatt Sister Abigail
70%
Seth Rollins Curb Stomp
62%
Dean Ambrose (Jon Moxley) Dirty Deeds
61%
Jeff Hardy Swanton Bomb
53%
Aleister Black Black Mass
52%
Eddie Guerrero Frog Splash
49%
Sheamus Brouge Kick
47%
Cesaro Neutralizer
41%
The Fiend Mandible Claw
21%
Evan Bounre Air Bourne
20%
Johnny Gargano Gargano Escape
10%
Nie znaleziono quizów pasujących do podanych kryteriów
Rozkład punktacji
Procent ludzi z każdym wynikiem
Percentyl według liczby udzielonych odpowiedzi
Twoja historia wyników
Nie rozwiązałeś tego quizu